1976 Songs - Name the Artist - Statistics

General Stats
  • This quiz has been taken 113 times
  • The average score is 15 of 30
Answer Stats
Song Title Artist / Band % Correct
Hotel California Eagles
97%
Fernando ABBA
86%
(Don't Fear) The Reaper Blue Öyster Cult
77%
If You Leave Me Now Chicago
77%
Sir Duke Stevie Wonder
75%
The Boys Are Back in Town Thin Lizzy
71%
You're My Best Friend Queen
69%
Blinded by the Light Manfred Mann's Earth Band
65%
Telephone Line Electric Light Orchestra
59%
Fly Like An Eagle Steve Miller Band
59%
Beth Kiss
58%
(Shake, Shake, Shake) Shake Your Booty KC & The Sunshine Band
56%
Love Hurts Nazareth
56%
It's a Long Way to the Top (If You Wanna Rock 'n' Roll) AC/DC
55%
Sorry Seems to Be the Hardest Word Elton John
55%
Car Wash Rose Royce
54%
American Girl Tom Petty
54%
Show Me The Way Peter Frampton
48%
On The Border Al Stewart
41%
The Rubberband Man Spinners
36%
Love Really Hurts Without You Billy Ocean
30%
Young Hearts Run Free Candi Staton
25%
Now I Wanna Sniff Some Glue Ramones
24%
I'm Mandy Fly Me 10cc
23%
Let's Stick Together Bryan Ferry
23%
You to Me Are Everything Real Thing
23%
Kiss and Say Goodbye Manhattans
22%
Music John Miles
18%
Mad Man Moon Genesis
11%
Tom Traubert's Blues Tom Waits
11%
No matching quizzes found
Score Distribution
Percent of People with Each Score
Percentile by Number Answered
Your Score History
You have not taken this quiz